Znaki zodiaku po łacinie - kliktest - Statystyki

Ogólne statystyki
  • Ten quiz został rozwiązany 21 razy
  • Średni wynik to 9 z 12
Statystyki odpowiedzi
Hint Odpowiedź % Poprawnych
Leo Lew
100%
Scorpius Skorpion
94%
Cancer Rak
89%
Gemini Bliźnięta
83%
Capricornus Koziorożec
83%
Libra Waga
83%
Aquarius Wodnik
83%
Taurus Byk
72%
Sagittarius Strzelec
67%
Virgo Panna
61%
Pisces Ryby
61%
Aries Baran
56%
Nie znaleziono quizów pasujących do podanych kryteriów
Rozkład punktacji
Procent ludzi z każdym wynikiem
Percentyl według liczby udzielonych odpowiedzi
Twoja historia wyników
Nie rozwiązałeś tego quizu